[Event "Novorossiysk Small Land Blitz"]
[Site "Novorossiysk"]
[Date "2022.07.17"]
[Round "5"]
[White "Hasangatin, Ramil"]
[Black "Romanov, Kirill"]
[Result "0-1"]
[WhiteElo "2465"]
[BlackElo "2023"]
[PlyCount "86"]
[EventDate "2022.07.17"]
[EventType "swiss (blitz)"]
[EventRounds "13"]
[EventCountry "RUS"]
[SourceTitle "CBM 209 Extra"]
[Source "ChessBase"]
[SourceDate "2022.09.30"]
[SourceVersion "1"]
[SourceVersionDate "2022.09.30"]
[SourceQuality "1"]

1. e4 c5 2. Nf3 Nc6 3. Bb5 g6 4. 0-0 Bg7 5. c3 Nf6 6. Qa4 0-0 7. d4 cxd4 8. cxd4 d6 9. d5 Nb8 10. Nc3 Nbd7 11. Re1 a6 12. Bf1 Nc5 13. Qb4 Ng4 14. a4 Ne5 15. Nxe5 Bxe5 16. Be3 a5 17. Qc4 b6 18. Qa2 f5 19. exf5 Bxf5 20. Rad1 Rc8 21. Bb5 Bd7 22. Bd4 Bxd4 23. Rxd4 Bxb5 24. Nxb5 Qd7 25. Rd2 Rf7 26. f3 Qf5 27. Qc4 Qf4 28. Rc2 Qxc4 29. Rxc4 Rcf8 30. Re3 h6 31. Nc3 Re8 32. b4 axb4 33. Rxb4 Ra8 34. h4 Kf8 35. Kh2 g5 36. Kg3 Rf5 37. hxg5 Rxg5+ 38. Kf2 Kf7 39. Rf4+ Ke8 40. Rb4 Re5 41. Rxe5 Nd3+ 42. Ke3 Nxb4 43. Kd4 dxe5+ 0-1

[Event "Novorossiysk Small Land Blitz"]
[Site "Novorossiysk"]
[Date "2022.07.17"]
[Round "12"]
[White "Maljush, Andrej"]
[Black "Romanov, Kirill"]
[Result "1-0"]
[WhiteElo "2283"]
[BlackElo "2023"]
[PlyCount "120"]
[EventDate "2022.07.17"]
[EventType "swiss (blitz)"]
[EventRounds "13"]
[EventCountry "RUS"]
[SourceTitle "CBM 209 Extra"]
[Source "ChessBase"]
[SourceDate "2022.09.30"]
[SourceVersion "1"]
[SourceVersionDate "2022.09.30"]
[SourceQuality "1"]

1. e4 c5 2. Nc3 g6 3. g3 Bg7 4. Bg2 Nc6 5. d3 Nf6 6. f4 d6 7. Nf3 0-0 8. 0-0 Bd7 9. h3 Rb8 10. a4 a6 11. g4 b5 12. axb5 axb5 13. f5 b4 14. Ne2 Ra8 15. Rb1 Ra2 16. Be3 Ne8 17. Qc1 b3 18. c3 Qc8 19. Bh6 Qa6 20. Bxg7 Kxg7 21. Qe3 Nd8 22. Nc1 Ra1 23. Nxb3 Rxb1 24. Rxb1 Qa2 25. Nbd2 Nc6 26. b4 cxb4 27. cxb4 Na7 28. Qd4+ f6 29. Ra1 Nb5 30. Rxa2 Nxd4 31. Nxd4 Nc7 32. Ra7 Rc8 33. Rb7 Kf7 34. b5 Ke8 35. Nc4 Na8 36. Kh2 g5 37. Bf3 h6 38. Kg3 Kd8 39. Kf2 Rc7 40. Rb8+ Rc8 41. Rxc8+ Kxc8 42. Nc6 Bxc6 43. bxc6 Kc7 44. Ke3 Kxc6 45. e5+ d5 46. exf6 exf6 47. Na5+ Kb6 48. Bxd5 Nc7 49. Nc4+ Kc5 50. Bg8 Nb5 51. Nd2 Kd6 52. Bc4 Nc7 53. Kd4 Ke7 54. Kc5 Ne8 55. Ne4 Ng7 56. d4 h5 57. d5 hxg4 58. hxg4 Ne8 59. d6+ Kd8 60. Be6 Ng7 1-0

[Event "Novorossiysk Small Land Blitz"]
[Site "Novorossiysk"]
[Date "2022.07.17"]
[Round "4"]
[White "Romanov, Kirill"]
[Black "Gochelashvili, David"]
[Result "1/2-1/2"]
[WhiteElo "2023"]
[BlackElo "2324"]
[PlyCount "63"]
[EventDate "2022.07.17"]
[EventType "swiss (blitz)"]
[EventRounds "13"]
[EventCountry "RUS"]
[SourceTitle "CBM 209 Extra"]
[Source "ChessBase"]
[SourceDate "2022.09.30"]
[SourceVersion "1"]
[SourceVersionDate "2022.09.30"]
[SourceQuality "1"]

1. c4 c5 2. Nf3 Nc6 3. g3 g6 4. Bg2 Bg7 5. 0-0 d6 6. Nc3 e5 7. d3 Nge7 8. a3 0-0 9. Rb1 a5 10. Ne1 Be6 11. Nc2 Qd7 12. b4 axb4 13. axb4 d5 14. bxc5 dxc4 15. dxc4 Rfd8 16. Qxd7 Rxd7 17. Ne3 Ra5 18. Nb5 Nd4 19. Nxd4 exd4 20. Nd5 Nxd5 21. cxd5 Bf5 22. c6 Bxb1 23. cxd7 Bf6 24. Bh6 Bf5 25. d6 Ra6 26. Rc1 Bxd7 27. Bxb7 Rxd6 28. h4 Bg7 29. Bf4 Rb6 30. Bf3 h5 31. Rc7 Be6 32. Ra7 1/2-1/2

[Event "Novorossiysk Small Land Blitz"]
[Site "Novorossiysk"]
[Date "2022.07.17"]
[Round "9"]
[White "Romanov, Kirill"]
[Black "Nazaretyan, Tigran"]
[Result "1-0"]
[WhiteElo "2023"]
[BlackElo "2316"]
[PlyCount "57"]
[EventDate "2022.07.17"]
[EventType "swiss (blitz)"]
[EventRounds "13"]
[EventCountry "RUS"]
[SourceTitle "CBM 209 Extra"]
[Source "ChessBase"]
[SourceDate "2022.09.30"]
[SourceVersion "1"]
[SourceVersionDate "2022.09.30"]
[SourceQuality "1"]

1. c4 Nf6 2. Nc3 g6 3. g3 Bg7 4. Bg2 0-0 5. Nf3 c5 6. 0-0 Nc6 7. a3 d5 8. cxd5 Nxd5 9. Qa4 Bf5 10. Qc4 Nxc3 11. dxc3 b6 12. Bf4 Be6 13. Qa4 Qe8 14. Ng5 Bd7 15. Rad1 Nd4 16. Qc4 Bb5 17. Qa2 Nxe2+ 18. Kh1 Nxf4 19. gxf4 Bxf1 20. Rxf1 Rd8 21. Qc4 e6 22. Re1 Rd2 23. Bh3 Rxf2 24. Nxf7 Qa8+ 25. Kg1 Rxf4 26. Qxf4 e5 27. Qc4 b5 28. Nh6+ Kh8 29. Qg8+ 1-0

[Event "Malaya Zemlya Rapid op"]
[Site "Novorossiysk"]
[Date "2021.07.11"]
[Round "9"]
[White "Maljush, Andrej"]
[Black "Romanov, Kirill"]
[Result "0-1"]
[WhiteElo "2290"]
[BlackElo "2023"]
[PlyCount "82"]
[EventDate "2021.07.10"]
[EventType "swiss (rapid)"]
[EventRounds "9"]
[EventCountry "RUS"]
[SourceTitle "CBM 203 Extra"]
[Source "ChessBase"]
[SourceDate "2021.09.30"]
[SourceVersion "1"]
[SourceVersionDate "2021.09.30"]
[SourceQuality "1"]

1. e4 c5 2. Nc3 Nc6 3. f4 g6 4. g3 Bg7 5. Bg2 d6 6. d3 Nf6 7. Nf3 0-0 8. 0-0 Bd7 9. h3 Rb8 10. a4 a6 11. g4 b5 12. axb5 axb5 13. Ne2 Ra8 14. Rb1 Ra2 15. Ng3 Ne8 16. f5 Nd4 17. c3 Nxf3+ 18. Qxf3 b4 19. c4 Bc6 20. g5 Qa8 21. h4 Qa4 22. Qe2 Qb3 23. h5 Be5 24. Rf3 Ng7 25. h6 Ne8 26. Kh1 Ba4 27. Qf1 Qd1 28. Bf4 Qxf1+ 29. Rbxf1 Bxf4 30. Rxf4 Rxb2 31. fxg6 hxg6 32. Bh3 f6 33. Nh5 Rd2 34. Rg1 Rd1 35. Bf1 Kh7 36. Rf2 gxh5 37. g6+ Kxh6 38. g7 Nxg7 39. Rfg2 Ne6 40. Rg6+ Kh7 41. R6g3 Ng5 0-1

[Event "Malaya Zemlya Blitz op"]
[Site "Novorossiysk"]
[Date "2021.07.09"]
[Round "5"]
[White "Petrov, Nikita"]
[Black "Romanov, Kirill"]
[Result "1-0"]
[WhiteElo "2562"]
[BlackElo "2023"]
[PlyCount "109"]
[EventDate "2021.07.09"]
[EventType "swiss (blitz)"]
[EventRounds "13"]
[EventCountry "RUS"]
[SourceTitle "CBM 203 Extra"]
[Source "ChessBase"]
[SourceDate "2021.09.30"]
[SourceVersion "1"]
[SourceVersionDate "2021.09.30"]
[SourceQuality "1"]

1. d4 Nf6 2. c4 c5 3. d5 d6 4. Nc3 g6 5. e4 Bg7 6. Bd3 e6 7. h3 exd5 8. exd5 0-0 9. Nf3 Re8+ 10. Be3 Nbd7 11. 0-0 Ne5 12. Nxe5 Rxe5 13. Bf4 Re8 14. Qd2 a6 15. a4 Qc7 16. Bg5 Bd7 17. Qf4 Nh5 18. Qf3 Bd4 19. g4 Ng7 20. Ne4 f5 21. Nf6+ Bxf6 22. Bxf6 Rf8 23. g5 Nh5 24. Bc3 f4 25. Rae1 Rae8 26. Kh2 Bxa4 27. Rxe8 Rxe8 28. Bf5 Bd7 29. Bg4 Ng7 30. Qxf4 Nf5 31. h4 b5 32. b3 Qd8 33. Bf6 Qc7 34. h5 Ng7 35. Bxg7 Bxg4 36. Bb2 Bf5 37. h6 Re4 38. Qg3 bxc4 39. bxc4 Qb6 40. Qc3 Rd4 41. Qc1 Rh4+ 42. Kg2 Qb3 43. Qc3 Qxc3 44. Bxc3 Rxc4 45. Bf6 Be4+ 46. f3 Bxd5 47. Rd1 Be6 48. Rxd6 Kf7 49. Rxa6 Bf5 50. Ra7+ Ke6 51. Rxh7 Rc2+ 52. Kg3 Rc1 53. Rc7 Kd6 54. Ra7 Rh1 55. h7 1-0

[Event "Malaya Zemlya Blitz op"]
[Site "Novorossiysk"]
[Date "2021.07.09"]
[Round "8"]
[White "Romanov, Kirill"]
[Black "Rjabzev, Konstantin"]
[Result "1/2-1/2"]
[WhiteElo "2023"]
[BlackElo "2258"]
[PlyCount "95"]
[EventDate "2021.07.09"]
[EventType "swiss (blitz)"]
[EventRounds "13"]
[EventCountry "RUS"]
[SourceTitle "CBM 203 Extra"]
[Source "ChessBase"]
[SourceDate "2021.09.30"]
[SourceVersion "1"]
[SourceVersionDate "2021.09.30"]
[SourceQuality "1"]

1. c4 e6 2. g3 d5 3. Bg2 Nf6 4. Nf3 Be7 5. b3 0-0 6. 0-0 c5 7. d3 Nc6 8. a3 a5 9. Nc3 d4 10. Nb5 e5 11. e3 Bg4 12. exd4 Nxd4 13. Nbxd4 exd4 14. h3 Bh5 15. g4 Bg6 16. Ne5 Rb8 17. Bf4 Bd6 18. Qd2 Qc7 19. Nxg6 hxg6 20. Bxd6 Qxd6 21. b4 axb4 22. axb4 b6 23. Ra6 Qc7 24. bxc5 bxc5 25. Rc6 Qa7 26. Qg5 Rfc8 27. Rxc8+ Rxc8 28. Rb1 Qa2 29. Rb7 Qe2 30. Bd5 Nxd5 31. Qxd5 Rf8 32. Rd7 Qd1+ 33. Kg2 Qxd3 34. Qxc5 Qe4+ 35. Kg3 Rb8 36. Qd5 Rb3+ 37. Kh2 Qf4+ 38. Kg2 d3 39. Rd8+ Kh7 40. Qd4 Qg5 41. Rd7 d2 42. Qxd2 Qc5 43. Qd4 Qc6+ 44. Rd5 Rb4 45. Qe4 Rxc4 46. Rh5+ Kg8 47. Qxc6 Rxc6 48. Ra5 1/2-1/2

[Event "Malaya Zemlya Blitz op"]
[Site "Novorossiysk"]
[Date "2021.07.09"]
[Round "6"]
[White "Romanov, Kirill"]
[Black "Vastrukhin, Oleg"]
[Result "0-1"]
[WhiteElo "2023"]
[BlackElo "2401"]
[PlyCount "94"]
[EventDate "2021.07.09"]
[EventType "swiss (blitz)"]
[EventRounds "13"]
[EventCountry "RUS"]
[SourceTitle "CBM 203 Extra"]
[Source "ChessBase"]
[SourceDate "2021.09.30"]
[SourceVersion "1"]
[SourceVersionDate "2021.09.30"]
[SourceQuality "1"]

1. c4 g6 2. Nf3 Bg7 3. g3 c5 4. Nc3 Nc6 5. Bg2 e6 6. 0-0 Nge7 7. d3 0-0 8. Bg5 h6 9. Bd2 b6 10. Qc1 Kh7 11. Rd1 Bb7 12. Rb1 d6 13. a3 Qd7 14. b4 Rac8 15. Nb5 Ba8 16. Bf4 e5 17. Bd2 f5 18. Qc2 g5 19. e3 g4 20. Ne1 h5 21. bxc5 dxc5 22. a4 a5 23. Bc3 Nb4 24. Qb2 Ng6 25. Bxa8 Rxa8 26. d4 cxd4 27. exd4 e4 28. d5 Bh6 29. d6 f4 30. Bxb4 axb4 31. Qd4 Rae8 32. Nc7 Re5 33. Ng2 e3 34. fxe3 fxg3 35. hxg3 Rf3 36. Rxb4 Rxg3 37. Kh2 Rh3+ 38. Kg1 Rhxe3 39. Rxb6 R3e4 40. Qd3 Be3+ 41. Kh1 Bxb6 42. Nd5 Bd8 43. c5 Kh6 44. Qd2+ Bg5 45. Qd3 h4 46. Nb6 Qc6 47. d7 h3 0-1

[Event "Malaya Zemlya Blitz op"]
[Site "Novorossiysk"]
[Date "2021.07.09"]
[Round "4"]
[White "Romanov, Kirill"]
[Black "Zakhartsov, Vladimir"]
[Result "1-0"]
[WhiteElo "2023"]
[BlackElo "2499"]
[PlyCount "153"]
[EventDate "2021.07.09"]
[EventType "swiss (blitz)"]
[EventRounds "13"]
[EventCountry "RUS"]
[SourceTitle "CBM 203 Extra"]
[Source "ChessBase"]
[SourceDate "2021.09.30"]
[SourceVersion "1"]
[SourceVersionDate "2021.09.30"]
[SourceQuality "1"]

1. c4 e5 2. Nc3 Nf6 3. Nf3 Nc6 4. e4 Bb4 5. d3 0-0 6. g3 d6 7. Bg2 Nd7 8. 0-0 Bxc3 9. bxc3 Nc5 10. Nh4 Bd7 11. Be3 Qc8 12. d4 Na6 13. Qd3 Bh3 14. Nf5 Bxg2 15. Kxg2 Re8 16. Rab1 exd4 17. cxd4 Nab4 18. Qe2 Rxe4 19. Qf3 Re6 20. d5 Rf6 21. dxc6 Nxc6 22. Qxc6 Qxf5 23. Qxb7 Re8 24. Qxc7 h5 25. Rb8 Qf3+ 26. Kg1 Rxb8 27. Qxb8+ Kh7 28. Qc8 a5 29. Qh3 Qe2 30. Bd4 Re6 31. Qf5+ Kg8 32. Qxa5 Qxc4 33. Be3 h4 34. Qh5 hxg3 35. hxg3 Qxa2 36. Rc1 Re8 37. Rd1 Rd8 38. Qg5 Rd7 39. Bd4 f6 40. Bxf6 Qa4 41. Re1 Rf7 42. Bc3 Qc6 43. Qe3 Rf8 44. Bd4 Qd5 45. Qe6+ Qxe6 46. Rxe6 d5 47. Rd6 Rf5 48. Kg2 Rh5 49. Rd7 g6 50. Rg7+ Kf8 51. Rxg6 Kf7 52. Rf6+ Ke7 53. Rf4 Ke6 54. g4 Rh4 55. Kg3 Rh1 56. Rf6+ Ke7 57. Rb6 Rd1 58. Be5 d4 59. Kf3 d3 60. g5 d2 61. Bf6+ Kf7 62. Ke2 Rf1 63. Rd6 Re1+ 64. Kxd2 Re4 65. Rd4 Re8 66. Kd3 Kg6 67. Re4 Ra8 68. Ke3 Kf5 69. Re5+ Kg6 70. Kf3 Ra3+ 71. Kg4 Ra1 72. Re6 Rg1+ 73. Kf4 Rb1 74. Bd4+ Kf7 75. Rb6 Rg1 76. g6+ Ke7 77. g7 1-0

[Event "Tuapse Rapid op"]
[Site "Tuapse"]
[Date "2021.07.06"]
[Round "2"]
[White "Smirnov, Pavel"]
[Black "Romanov, Kirill"]
[Result "1/2-1/2"]
[WhiteElo "2544"]
[BlackElo "2023"]
[PlyCount "72"]
[EventDate "2021.07.06"]
[EventType "swiss (rapid)"]
[EventRounds "9"]
[EventCountry "RUS"]
[SourceTitle "CBM 203 Extra"]
[Source "ChessBase"]
[SourceDate "2021.09.30"]
[SourceVersion "1"]
[SourceVersionDate "2021.09.30"]
[SourceQuality "1"]

1. d4 Nf6 2. c4 c5 3. d5 e6 4. Nc3 exd5 5. cxd5 d6 6. e4 g6 7. Nge2 Bg7 8. Ng3 0-0 9. Be2 Na6 10. 0-0 Nc7 11. a4 a6 12. Bg5 Rb8 13. Qd2 b5 14. axb5 axb5 15. Qf4 b4 16. Nd1 Qe7 17. Ne3 h6 18. Bxh6 Bxh6 19. Qxh6 Nxe4 20. Nxe4 Qxe4 21. Rfd1 Qe5 22. Rd2 Bb7 23. Ng4 Qg7 24. Qh4 g5 25. Qh3 Rfe8 26. Nh6+ Kf8 27. Nf5 Qf6 28. Bg4 Ra8 29. Rad1 Bc8 30. Ne3 Bxg4 31. Nxg4 Qg7 32. Ne3 Qf6 33. Ng4 Qg7 34. Ne3 Qf6 35. Ng4 Qg7 36. Ne3 Qf6 1/2-1/2